header

"Between the house and the chicken yard" (Record no. 246008)

MARC details
000 -LEADER
fixed length control field 01660nam a2200409Ia 4500
100 1# - MAIN ENTRY--AUTHOR NAME
Personal name Sharp, Jolly Kay,
245 10 - TITLE STATEMENT
Title "Between the house and the chicken yard"
250 ## - EDITION STATEMENT
Edition statement 1st ed.
260 ## - PUBLICATION, DISTRIBUTION, ETC. (IMPRINT)
Place of publication Macon, GA :
Name of publisher Mercer University Press,
Year of publication c2011.
300 ## - PHYSICAL DESCRIPTION
Number of Pages 176 p.
650 #0 - SUBJECT ADDED ENTRY--TOPICAL TERM
Topical Term Characters and characteristics in literature.
Topical Term Self-presentation in literature.
Topical Term Self-disclosure in literature.
Topical Term Self-perception in authors.
856 40 - ELECTRONIC LOCATION AND ACCESS
Uniform Resource Identifier http://site.ebrary.com/lib/rucke/Doc?id=10539150

No items available.

© 2026 Rongo University
Contact us: librarian | system librarian | Rongo university